La mentira del amianto (Record no. 179973)

MARC details
000 -LEADER
campo de control de longitud fija 01062nam a2200313 i 4500
001 - NÚMERO DE CONTROL
campo de control 179973
003 - IDENTIFICADOR DE NÚMERO DE CONTROL
campo de control ES-MaACL
005 - FECHA Y HORA DE LA ÚLTIMA TRANSACCIÓN
campo de control 20230927190102.0
008 - DATOS DE LONGITUD FIJA--INFORMACIÓN GENERAL
campo de control de longitud fija 120308s2010 sp aco |||| | spa d
020 ## - NÚMERO INTERNACIONAL ESTÁNDAR DEL LIBRO
Número Internacional Estándar del Libro 978-84-933840-9-8
080 ## - NÚMERO DE LA CLASIFICACIÓN DECIMAL UNIVERSAL
Número de la Clasificación Decimal Universal 679.867:177
080 ## - NÚMERO DE LA CLASIFICACIÓN DECIMAL UNIVERSAL
Número de la Clasificación Decimal Universal 679.867:331.472
100 1# - ENTRADA PRINCIPAL--NOMBRE DE PERSONA
Nombre de persona Roselli, Maria.
9 (RLIN) 149557
245 13 - MENCIÓN DEL TÍTULO
Título La mentira del amianto
Resto del título : fortunas y delitos /
Mención de responsabilidad, etc. Maria Roselli ; traducción del francés de Luis Puche Cabezas y Rubén Soler Samperi.
260 ## - PUBLICACIÓN, DISTRIBUCIÓN, ETC.
Lugar de publicación, distribución, etc. Málaga :
Nombre del editor, distribuidor, etc. Ediciones del Genal,
Fecha de publicación, distribución, etc. 2010.
300 ## - DESCRIPCIÓN FÍSICA
Extensión 259 p. :
Otras características físicas il. ;
Dimensiones 21 cm.
490 1# - MENCIÓN DE SERIE
Mención de serie Traslibros
500 ## - NOTA GENERAL
Nota general Índices.
504 ## - NOTA DE BIBLIOGRAFÍA, ETC.
Nota de bibliografía, etc. Bibliografía: p. 249-252.
650 #7 - PUNTO DE ACCESO ADICIONAL DE MATERIA--TÉRMINO DE MATERIA
Término de materia o nombre geográfico como elemento de entrada Asbesto.
9 (RLIN) 10363
650 #7 - PUNTO DE ACCESO ADICIONAL DE MATERIA--TÉRMINO DE MATERIA
Término de materia o nombre geográfico como elemento de entrada Materiales refractarios.
9 (RLIN) 149558
650 #4 - PUNTO DE ACCESO ADICIONAL DE MATERIA--TÉRMINO DE MATERIA
Término de materia o nombre geográfico como elemento de entrada Asbesto-
Subdivisión general Efectos fisiológicos.
9 (RLIN) 149561
700 1# - ENTRADA AGREGADA--NOMBRE PERSONAL
Nombre de persona Puche Cabezas, Luis.
9 (RLIN) 149559
700 1# - ENTRADA AGREGADA--NOMBRE PERSONAL
Nombre de persona Soler Samperi, Rubén.
9 (RLIN) 149560
830 0# - PUNTO DE ACCESO ADICIONAL DE SERIE-TÍTULO UNIFORME
Título uniforme Traslibros
9 (RLIN) 224573
852 ## - LOCALIZACIÓN
Ubicación ES-MaACL
Número de control de estantería A-12022
itemnumber 186880
Sublocalización o colección R.146891
Ubicación en estantería Depósito 1
Signatura antigua Olim: N-5027
942 ## - ELEMENTOS DE ENTRADA SECUNDARIOS (KOHA)
Fuente del sistema de clasificación o colocación Clasificación decimal universal
Tipo de ítem Koha Libro impreso
Holdings
Estatus retirado Estado de pérdida Fuente del sistema de clasificación o colocación Estado de daño No para préstamo Biblioteca de origen Biblioteca actual Ubicación en estantería Fecha de adquisición Fuente de adquisición Total de préstamos Signatura topográfica completa Código de barras Visto por última vez Precio de reemplazo Tipo de ítem Koha
    Clasificación decimal universal     Biblioteca del Ateneo de Madrid Biblioteca del Ateneo de Madrid Depósito 1 08/03/2012 Donación   A-12022 1189079 23/02/2023 23/02/2023 Libro impreso